8 country names in 8 european languages - Statistics

General Stats
  • This quiz has been taken 32 times
  • The average score is 21 of 64
Answer Stats
Language Word % Correct
French Italie
89%
Dutch Italië
89%
French Croatie
86%
Estonian Itaalia
86%
Spanish Italia
86%
Finnish Italia
86%
Dutch Kroatië
86%
German Russland
79%
German Italien
71%
Finnish Kroatia
68%
German Kroatien
64%
Spanish Lituania
57%
Spanish Rusia
57%
French Russie
57%
French Royaume-Uni
54%
French Grèce
50%
Finnish Slovakia
50%
Estonian Slovakkia
50%
Spanish Grecia
46%
French Lituanie
46%
German Litauen
43%
Dutch Rusland
39%
Spanish Croacia
36%
French Slovaquie
36%
Spanish Eslovaquia
32%
Polish Litwa
32%
Spanish Reino Unido
32%
Spanish República Checa
32%
German Griechenland
29%
Dutch Griekenland
29%
Dutch Litouwen
25%
German Tschechien
25%
German Slowakei
21%
German Vereinigtes Königreich
21%
Polish Chorwacja
18%
Polish Grecja
18%
Hungarian Litvánia
18%
Polish Rosja
18%
Dutch Slowakije
18%
French Tchéquie
18%
Finnish Tšekki
18%
Finnish Venäja
18%
Hungarian Horvátország
14%
Finnish Liettua
14%
Polish Słowacja
14%
Hungarian Szlovákia
14%
Dutch Tsjechië
14%
Polish Włochy
14%
Polish Czechy
11%
Finnish Kreikka
11%
Dutch Verenigd Koninkrijk
11%
Hungarian Csehország
7%
Hungarian Egyesült Királyság
7%
Hungarian Görögország
7%
Hungarian Olaszország
7%
Hungarian Oroszország
7%
Estonian Venemaa
7%
Finnish Yhdistynyt kuningaskunta
7%
Estonian Horvaatia
4%
Estonian Kreeka
4%
Estonian Leedu
4%
Estonian Tšehhi
4%
Polish Wielka Brytania
4%
Estonian Suurbritannia
0%
No matching quizzes found
Score Distribution
Percent of People with Each Score
Percentile by Number Answered
Your Score History
You have not taken this quiz